| 000 | 00922cam a2200313 4500 | ||
|---|---|---|---|
| 001 | ABS67149 | ||
| 008 | 031031n2003 000 0 eng u | ||
| 035 | _a(Sirsi) u124207 | ||
| 245 | _aRegional survey: Essex and north-east London boroughs | ||
| 260 | _c2003 | ||
| 490 |
_aProperty Week _v68(37) 19 September 2003, 79-96(8) |
||
| 590 | _aABS | ||
| 650 | _aESSEX | ||
| 650 | _aLONDON BOROUGHS NORTHEAST | ||
| 650 | _aBASILDON | ||
| 650 | _aBRENTWOOD | ||
| 650 | _aCHELMSFORD | ||
| 650 | _aCLACTON-ON-SEA | ||
| 650 | _aCOLCHESTER | ||
| 650 | _aGRAYS | ||
| 650 | _aHARLOW | ||
| 650 | _aLAKESIDE | ||
| 650 | _aSOUTHEND-ON-SEA | ||
| 650 | _aROMFORD | ||
| 650 | _aPROPERTY-COMMERCIAL PROPERTY-OFFICE PROPERTY-OFFICE PROPERTY MARKET | ||
| 650 | _aPROPERTY-COMMERCIAL PROPERTY-RETAIL PROPERTY-RETAIL PROPERTY MARKET | ||
| 690 | _aPROPERTY-COMMERCIAL PROPERTY-COMMERCIAL PROPERTY MARKET | ||
| 942 | _n0 | ||
| 999 |
_c73734 _d73734 |
||